000 00199nam a22000857a 4500
008 161208b xxu||||| |||| 00| 0 eng d
100 _91953
_aPremchand
245 _aGulli Danda
260 _aDelhi
_bSSP
_c2007
999 _c4747
_d4747